000 00231nam a2200109 4500
999 _c8266
_d8266
003 OSt
005 20201008162108.0
008 201008b ||||| |||| 00| 0 eng d
082 _a647.95
245 _aArchitectural Degest
942 _2ddc